000
00306nam a22001331a 4500
999
_c
170728
_d
170728
082
_a
M 494.812 5
_b
GEO/M
100
_a
George
245
_a
Malayalavum malayalikalum/
_c
by George
260
_a
_b
_c
650
_a
Language Malayalam
650
_a
Grammar Malayalam
650
_a
Language
942
_c
BK